Las relaciones de España con el Magreb (Record no. 184813)

MARC details
000 -LEADER
campo de control de longitud fija 01067nam a2200241 i 4500
001 - NÚMERO DE CONTROL
campo de control 184813
003 - IDENTIFICADOR DE NÚMERO DE CONTROL
campo de control ES-MaACL
005 - FECHA Y HORA DE LA ÚLTIMA TRANSACCIÓN
campo de control 20250809063541.0
008 - DATOS DE LONGITUD FIJA--INFORMACIÓN GENERAL
campo de control de longitud fija 160121s2007 sp |||| | spa d
080 ## - NÚMERO DE LA CLASIFICACIÓN DECIMAL UNIVERSAL
Número de la Clasificación Decimal Universal 327(460:5)(091)
100 1# - ENTRADA PRINCIPAL--NOMBRE DE PERSONA
Nombre de persona Vilar, Juan Bautista,
Fechas asociadas al nombre 1941-2018
9 (RLIN) 114797
245 14 - MENCIÓN DEL TÍTULO
Título Las relaciones de España con el Magreb
Resto del título : siglos XIX y XX /
Mención de responsabilidad, etc. Juan B. Vilar, Miguel Hernando de Larramendi, María José Vilar.
260 ## - PUBLICACIÓN, DISTRIBUCIÓN, ETC.
Lugar de publicación, distribución, etc. Murcia :
Nombre del editor, distribuidor, etc. Departamento de Historia Moderna, Contemporánea y de América, Universidad,
Fecha de publicación, distribución, etc. 2007.
300 ## - DESCRIPCIÓN FÍSICA
Extensión P. [21]-25 ;
Dimensiones 24 cm.
504 ## - NOTA DE BIBLIOGRAFÍA, ETC.
Nota de bibliografía, etc. Referencias bibliográficas.
595 ## -
-- Separata de: Anales de historia contemporánea, n. 23, 2007.
651 #4 - PUNTO DE ACCESO ADICIONAL DE MATERIA--NOMBRE GEOGRÁFICO
Nombre geográfico España-
Subdivisión general Relaciones-
Subdivisión geográfica Magreb.
9 (RLIN) 154082
700 1# - ENTRADA AGREGADA--NOMBRE PERSONAL
Nombre de persona Hernando de Larramendi, Miguel.
9 (RLIN) 63105
700 1# - ENTRADA AGREGADA--NOMBRE PERSONAL
Nombre de persona Vilar, María José.
9 (RLIN) 114799
710 2# - ENTRADA AGREGADA--NOMBRE DE ENTIDAD CORPORATIVA
Nombre de entidad corporativa o nombre de jurisdicción como elemento de entrada Universidad de Murcia.
Unidad subordinada Departamento de Historia Moderna, Contemporánea y de América.
9 (RLIN) 7239
852 ## - LOCALIZACIÓN
Ubicación ES-MaACL
Número de control de estantería 2139-F-19
Nota libre . - Dedicatoria autógrafa del autor
Holdings
Estatus retirado Estado de pérdida Estado de daño No para préstamo Colección Biblioteca de origen Biblioteca actual Ubicación en estantería Fecha de adquisición Fuente de adquisición Total de préstamos Signatura topográfica completa Código de barras Visto por última vez Precio de reemplazo Tipo de ítem Koha
        Colección de folletos Biblioteca del Ateneo de Madrid Biblioteca del Ateneo de Madrid Depósito folletos 21/01/2016     2139-F-19 1194622 23/02/2023 23/02/2023 Folleto